The Human League: Albums by Cover - Statistics

General Stats
  • This quiz has been taken 6 times
  • The average score is 5 of 9
Answer Stats
Picture Hint Answer % Correct
1981 Dare
100%
1979 Reproduction
67%
1980 Travelogue
67%
1986 Crash
50%
1984 Hysteria
50%
1995 Octopus
50%
1990 Romantic?
33%
2011 Credo
17%
2001 Secrets
17%
No matching quizzes found
Score Distribution
Percent of People with Each Score
Percentile by Number Answered
Your Score History
You have not taken this quiz